| 000 | 00834nam a22002177a 4500 | ||
|---|---|---|---|
| 005 | 20090709141952.0 | ||
| 008 | 090709t xxu||||| |||| 00| 0 eng d | ||
| 010 | _aENG-94354 | ||
| 020 |
_c45.00 _a9788123755151 |
||
| 035 | _aEN-77887 | ||
| 037 | _bDBAD / PUB | ||
| 040 |
_adpl _bEnglish |
||
| 082 | _a636.083 | ||
| 100 | _aSharma, Vinod | ||
| 245 |
_aCare of domestic animals / _cby Vinod Sharma |
||
| 260 |
_aNew Delhi _bNational Book Trust, _c2008 |
||
| 270 |
_aNehru Bhawan, 5 Institutional Area, Phase-II, Vasant Kunj, _bNew Delhi _e110070 |
||
| 300 |
_ax, 72p.: _c21cm(pbk) _bcol. photos |
||
| 942 |
_2ddc _cEN _mSHA _h636.083 |
||
| 999 |
_c28115 _d28115 |
||